000
00284nam a22001217a 4500
008
160419b xxu||||| |||| 00| 0 eng d
020
_a
9780815169093
020
_a
815169094
041
_a
eng
080
_a
618.2
245
_a
Fundamentals of Nursing:
_c
Potter Perry;
942
_2
udc
_c
BK
999
_c
1439
_d
1439